000 00329 a2200109 4500
001 ART_45577
005 20260410161939.0
008 260409a
245 1 0 _aThe elephant and the butterfly
100 1 _aDavidson, Paul
773 0 _tJournal of post Keynesian economics
_g- Vol. 15, NÂș 3 (mar. 1993)
_wREV26226
999 _c29350
_d29350